| 000 | 00345nam a2200097 4500 | ||
|---|---|---|---|
| 008 | 240305b |||||||| |||| 00| 0 eng d | ||
| 245 |
_aWorld Of Career And Competition _cEditied by Alok Kumar Gupta |
||
| 260 |
_a12-H, New Daryaganj road, new delhi _bRamesh publishing house _c28th december, 2023 |
||
| 300 |
_ano. 1 _c24cm |
||
| 942 |
_2ddc _cSR _mWOR _s1 |
||
| 999 |
_c201211 _d201211 |
||